¿Tripulantes de la nave tierra o conquistadores?: Estudio ecocrítico de la Loca de Gandoca

Zapisane w:
Opis bibliograficzny
1. autor: Rojas Pérez, Walter
Format: Książka
Język:Undetermined
Wydane: San José, Costa Rica Editorial Porvenir 2006
Hasła przedmiotowe:
Etykiety: Dodaj etykietę
Nie ma etykietki, Dołącz pierwszą etykiete!

MARC

LEADER 00000nam a2200000Ia 4500
008 170316s9999 xx 000 0 und d
040 |a cru BVZT 
090 |a C-868 R-1t 
100 |a Rojas Pérez, Walter 
245 |a ¿Tripulantes de la nave tierra o conquistadores?: Estudio ecocrítico de la Loca de Gandoca 
260 |a San José, Costa Rica 
260 |b Editorial Porvenir 
260 |c 2006 
300 |a 92 páginas 
650 |a LITERATURA COSTARRICENSE 
650 |a CRÍTICA 
650 |a MEDIO AMBIENTE - LOCA DE GANDOCA 
999 |c 13246  |d 13246 
942 |c 15 D  |h C-868 R-1t  |2 z